| 000 | 00764nam a2200265 a 4500 | ||
|---|---|---|---|
| 001 | 000007597 | ||
| 003 | DO-SdBNP | ||
| 005 | 20210923115631.0 | ||
| 007 | 000007597 | ||
| 008 | 090909s2005 dr 000 j spa d | ||
| 020 | _a9993479438 | ||
| 040 |
_aBPMSU _bspa _cBPMSU |
||
| 082 | 0 | 4 |
_aRD863.44 _bG934m _222 |
| 100 | 1 |
_aGuerrero, Celio, _d1951- |
|
| 245 | 1 | 3 |
_aEl mundo de Melva / _cCelio Guerrero. |
| 260 |
_aSanto Domingo : _bBúho, _c2005. |
||
| 300 |
_a293 p. ; _b23 p. |
||
| 500 | _aIncluye datos biográficos del autor en la solapa de la cubierta | ||
| 590 | _6Inventariado, 2021/VM | ||
| 650 | 4 | _aNovela dominicana | |
| 650 | 4 | _aLiteratura dominicana | |
| 910 | _aVMateo V./Validado. Control de calidad MFF | ||
| 942 |
_2ddc _cBK |
||
| 945 | _a | ||
| 999 |
_c7469 _d7469 |
||